书目信息 |
| 题名: |
哥伦布大交换
|
|
| 作者: | 克罗斯比 著 ;郑明萱 译 | |
| 分册: | ||
| 出版信息: | 北京 中信出版集团股份有限公司 2018 |
|
| 页数: | 17,256页 | |
| 开本: | 23cm | |
| 丛书名: | ||
| 单 册: | ||
| 中图分类: | Q15 , K107 | |
| 科图分类: | ||
| 主题词: | 生物地理学--研究 , 社会发展--影响--自然环境--研究 | |
| 电子资源: | ||
| ISBN: | 978-7-5086-8091-0 | |
| 000 | 01435nam0 2200325 450 | |
| 001 | 0112212834 | |
| 005 | 20180612212834.0 | |
| 010 | @a978-7-5086-8091-0@b精装@dCNY58.00 | |
| 100 | @a20180612d2018 em y0chiy50 ea | |
| 101 | 1 | @achi@ceng |
| 102 | @aCN@b110000 | |
| 105 | @aa z 000yy | |
| 106 | @ar | |
| 200 | 1 | @a哥伦布大交换@9ge lun bu da jiao huan@e1492年以后的生物影响和文化冲击@dThe Columbian exchange@ebiological and cultural consequences of 1492@f(美)艾尔弗雷德·W. 克罗斯比(Alfred W. Crosby, Jr)著@g郑明萱译@zeng |
| 210 | @a北京@c中信出版集团股份有限公司@d2018 | |
| 215 | @a17,256页@c图@d23cm | |
| 305 | @a由台湾城邦文化事业股份有限公司(猫头鹰出版社)授权使用 | |
| 306 | @a本书限中国大陆发行 | |
| 330 | @a本书是世界史研究领域的一部史学名著。1492年哥伦布首次航行到美洲大陆,这是世纪性大规模航海,即旧大陆与新大陆之间联系的开始。作者阐述了这一重大历史事件为世界历史带来的重大影响。 | |
| 510 | 1 | @aColumbian exchange@ebiological and cultural consequences of 1492@zeng |
| 517 | 1 | @a1492年以后的生物影响和文化冲击@91492 nian yi hou de sheng wu ying xiang he wen hua chong ji |
| 606 | 0 | @a生物地理学@x研究 |
| 606 | 0 | @a社会发展@x影响@x自然环境@x研究 |
| 690 | @aQ15@v5 | |
| 690 | @aK107@v5 | |
| 701 | 0 | @c(美)@a克罗斯比@9ke luo si bi@c(Crosby, Alfred W., Jr@f1931-2018)@4著 |
| 702 | 0 | @a郑明萱@9zheng ming xuan@4译 |
| 801 | 0 | @aCN@bMUSE@c20181206@g |
| 905 | @aBZT@dQ15@e1 | |
| 906 | @dCNY58.00@n3@r1 | |
| 哥伦布大交换:1492年以后的生物影响和文化冲击=The Columbian exchange:biological and cultural consequences of 1492/(美)艾尔弗雷德·W. 克罗斯比(Alfred W. Crosby, Jr)著/郑明萱译.-北京:中信出版集团股份有限公司,2018 |
| 17,256页:图;23cm |
| ISBN 978-7-5086-8091-0(精装):CNY58.00 |
| 本书是世界史研究领域的一部史学名著。1492年哥伦布首次航行到美洲大陆,这是世纪性大规模航海,即旧大陆与新大陆之间联系的开始。作者阐述了这一重大历史事件为世界历史带来的重大影响。 |
| ● |
| 相关链接 |
|
|
|
正题名:哥伦布大交换
索取号:Q15/1
 
预约/预借
| 序号 | 登录号 | 条形码 | 馆藏地/架位号 | 状态 | 备注 |
| 1 | 856882 | 2000856882 | 第二书库/ [索取号:Q15/1] | 在馆 | |
| 2 | 856883 | 2000856883 | 第二书库/ [索取号:Q15/1] | 在馆 | |
| 3 | 856884 | 2000856884 | 第二书库/ [索取号:Q15/1] | 在馆 |